India in modern British fiction / (Record no. 52827)

MARC details
000 -LEADER
fixed length control field 00548nam a2200205Ia 4500
005 - DATE AND TIME OF LATEST TRANSACTION
control field 20260429112207.0
008 - FIXED-LENGTH DATA ELEMENTS--GENERAL INFORMATION
fixed length control field 260429s9999||||xx |||||||||||||| ||und||
020 ## - INTERNATIONAL STANDARD BOOK NUMBER
International Standard Book Number 9788197206306
041 ## - LANGUAGE CODE
Language English
082 ## - DEWEY DECIMAL CLASSIFICATION NUMBER
Classification number 823
Item number TAN
100 ## - MAIN ENTRY--PERSONAL NAME
Personal name Tanbow, Renuka
245 #0 - TITLE STATEMENT
Title India in modern British fiction /
Statement of responsibility, etc Renuka Tanbow
250 ## - EDITION STATEMENT
Edition statement 1st ed.
260 ## - PUBLICATION, DISTRIBUTION, ETC. (IMPRINT)
Place of publication, distribution, etc Agra :
Name of publisher, distributor, etc Current Publications,
Date of publication, distribution, etc 2024.
300 ## - PHYSICAL DESCRIPTION
Extent vi, 154 p.; hb
650 ## - SUBJECT ADDED ENTRY--TOPICAL TERM
Topical term or geographic name as entry element India in literature
650 ## - SUBJECT ADDED ENTRY--TOPICAL TERM
Topical term or geographic name as entry element Postcolonial studies
650 ## - SUBJECT ADDED ENTRY--TOPICAL TERM
Topical term or geographic name as entry element English fiction
942 ## - ADDED ENTRY ELEMENTS (KOHA)
Koha item type Text Books
Holdings
Withdrawn status Lost status Damaged status Not for loan Collection code Home library Location Shelving location Date of Cataloging Source of acquisition Total Checkouts Full call number Barcode Date last seen Price effective from Koha item type
        Non-fiction CUTN Central Library CUTN Central Library Literature 29/04/2026 Tamilnadu Book House, Chennai - Invoice No. IN/73 on 17-02-2026   823 TAN 57949 29/04/2026 29/04/2026 Text Books